| 000 | 00521nam a22001577a 4500 | ||
|---|---|---|---|
| 003 | OSt | ||
| 005 | 20151101104401.0 | ||
| 008 | 151101b xxu||||| |||| 00| 0 eng d | ||
| 040 | _cRUA | ||
| 082 | _aFOR ខៀវ 1990 B115 Or.1 | ||
| 100 |
_93126 _aខៀវ, ឆដា |
||
| 245 | _aសិក្សាបច្ចេកទេសវិទ្យាកែច្នៃឆើនៅរោងចក្រឈើព្រែកព្នៅ | ||
| 260 |
_aPhnom Penh _bRUA _c1990 |
||
| 300 |
_a138p. _bill. _c29cm. |
||
| 942 |
_2ddc _cFOR |
||
| 999 |
_c2915 _d2915 |
||